000 00344 a2200145 4500
082 _a338.5
090 _c3625
_d3625
100 _aVarian,Hal R.
245 _aIntermediate Microeconomics
_cHal R.Varian
250 _a6th
260 _aRawalpindi
_bS.T.Printers
_c2000
300 _a688p
500 _aHard cover
942 _aNBS
_cBK
_k338.5 VAR
999 _c346093
_d346093